Financial Institutions Management <A> Risk Management Approach

Enregistré dans:
Détails bibliographiques
Auteur principal: Saunders, Anthony
Autres auteurs: Cornett, Marcia Millon, Erhemjamts, Otgo
Format: Livre
Langue:anglais
Publié: New York McGraw-Hill 2021
Édition:10th Edition
Sujets:
Tags: Ajouter un tag
Pas de tags, Soyez le premier à ajouter un tag!

MARC

LEADER 00000nam a2200000 4500
001 0273138
005 20240517110744.2
020 |a 978-1-260-57147-9 
041 0 |a eng 
044 |a US 
245 1 0 |a Financial Institutions Management  |b <A> Risk Management Approach  |c Anthony Saunders, Marcia Millon Cornett, Otgo Erhemjamts 
250 |a 10th Edition 
264 1 |a New York  |b McGraw-Hill  |c 2021 
300 |a 920 s. 
610 2 0 |a inštitúcie finančné 
610 2 0 |a riadenie 
610 2 0 |a riadenie rizík 
610 2 0 |a služby finančné 
610 2 0 |a banky investičné 
610 2 0 |a miera úroková 
610 2 0 |a riziko úverové 
610 2 0 |a riziko trhové 
610 2 0 |a riziko operačné 
610 2 0 |a pasíva 
610 2 0 |a poistenie 
610 2 0 |a kapitál 
610 2 0 |a futurity 
610 2 0 |a swap 
100 1 |a Saunders, Anthony 
700 1 |a Cornett, Marcia Millon 
700 1 |a Erhemjamts, Otgo